书目信息 |
| 题名: |
车工实用技能详解
|
|
| 作者: | 大江 编著 | |
| 分册: | ||
| 出版信息: | 北京 中国戏剧出版社 2009.01 |
|
| 页数: | 243页 | |
| 开本: | 23cm | |
| 丛书名: | 职业技能实战丛书 | |
| 单 册: | ||
| 中图分类: | TG510.6 | |
| 科图分类: | ||
| 主题词: | 车削--基本知识 | |
| 电子资源: | ||
| ISBN: | 978-7-104-02708-9 | |
| 000 | 00829nam 2200265 450 | |
| 001 | 004237060 | |
| 005 | 20100810082356.79 | |
| 010 | @a978-7-104-02708-9@dCNY22.00 | |
| 090 | @aTU759@bdj | |
| 100 | @a20100515d2009 em y0chiy50 ea | |
| 101 | 0 | @achi |
| 102 | @aCN@b110000 | |
| 105 | @aa z 000yy | |
| 200 | 1 | @a车工实用技能详解@Ache gong shi yong ji neng xiang jie@f大江编著@Fda jiang bian zhu |
| 210 | @a北京@c中国戏剧出版社@d2009.01 | |
| 215 | @a243页@c图@d23cm | |
| 225 | 2 | @a职业技能实战丛书@i钻石卷 |
| 330 | @a本书内容包括:认识车工、车床;切削加工实用技能;轴类工作车削实用技能、盘套类零件车削实用技能等。 | |
| 410 | 0 | @12001 @a职业技能实战丛书 |
| 410 | 0 | @12001 @a钻石卷 |
| 606 | 0 | @a车削@x基本知识 |
| 690 | @aTG510.6@v4 | |
| 701 | 0 | @a大江@Ada jiang@4编著 |
| 801 | @c20100515 | |
| 905 | @dTG510.6@eD029@f5 | |
| 车工实用技能详解/大江编著.-北京:中国戏剧出版社,2009.01 |
| 243页:图;23cm.-(职业技能实战丛书.钻石卷) |
| ISBN 978-7-104-02708-9:CNY22.00 |
| 本书内容包括:认识车工、车床;切削加工实用技能;轴类工作车削实用技能、盘套类零件车削实用技能等。 |
| ● |
| 相关链接 |
|
|
|
正题名:车工实用技能详解
索取号:TG510.6/D029
 
预约/预借
| 序号 | 登录号 | 条形码 | 馆藏地/架位号 | 状态 | 备注 |
| 1 | 1022021 | 210220214 | 自科库501/501自科库 27排3列2层/ [索取号:TG510.6/D029] | 在馆 | |
| 2 | 1022022 | 210220223 | 期刊室512/501自科库 27排3列2层/ [索取号:TG510.6/D029] | 在馆 | |
| 3 | 1022023 | 210220232 | 期刊室512/501自科库 27排3列2层/ [索取号:TG510.6/D029] | 在馆 | |
| 4 | 1022024 | 210220241 | 自科库501/501自科库 27排3列2层/ [索取号:TG510.6/D029] | 在馆 | |
| 5 | 1022025 | 210220250 | 期刊室512/501自科库 27排3列2层/ [索取号:TG510.6/D029] | 在馆 |